Emily's runaway imagination /

Bibliographic Details
Main Author: Cleary, Beverly
Other Authors: Krush, Beth, Krush, Joe
Format: Book
Language:English
Published: New York, N.Y. : Dell Pub. Co., [1961]

MARC

Tag First Indicator Second Indicator Subfields
LEADER 00000cam a22000005a 4500
001 in00000096012
005 20150923173853.0
008 820728s19811961nyua j 00011 eng d
020 |a 0440422159 :  |c $1.75 
035 |a (OCoLC)08638326 
035 |9 AAK8402AM 
040 |a MNL  |c MNL  |d TXA  |d UtOrBLW 
049 |a [Curr Col] TXAM  |c [388973], 2 [388974] 
090 |a PZ7.C5792  |b Em 1981 
100 1 |a Cleary, Beverly. 
245 1 0 |a Emily's runaway imagination /  |c Beverly Cleary ; illustrated by Beth and Joe Krush. 
264 1 |a New York, N.Y. :  |b Dell Pub. Co.,  |c [1961] 
264 3 |c 1981 printing 
264 4 |c ©1961 
300 |a 221 pages :  |b illustrations ;  |c 20 cm. 
336 |a text  |b txt  |2 rdacontent 
337 |a unmediated  |b n  |2 rdamedia 
338 |a volume  |b nc  |2 rdacarrier 
500 |a "A Yearling Book." 
700 1 |a Krush, Beth. 
700 1 |a Krush, Joe. 
999 |a MARS 
999 f f |s 8eeddfc2-d87b-3aa2-a2f2-9d25dfd995d9  |i 1a62b0da-8b97-3f4e-ad08-3552dc608e78  |t 0 
952 f f |p normal  |a Texas A&M University  |b College Station  |c Sterling C. Evans Library  |d Evans: Curriculum Collection (4th floor)  |t 0  |e PZ7.C5792 Em 1981  |h Library of Congress classification  |i unmediated -- volume  |m A14806010505 
998 f f |a PZ7.C5792 Em 1981  |t 0  |l Evans: Curriculum Collection (4th floor)